00864nam a2200241 a 4500001001000000003000500010005001700015008004100032010001100073011001100084020001800095040000900113082002200122245010600144260007500250300001800325490007300343650004200416650003500458650001900493700003700512830007300549000111779CHAP20220329144228.0150727s2014 mx a |r| |||0|||spa d a108240 a109212 a9786077919889 cCHAP04a633.11097217bT8200aTrigo en Sonora y su contexto nacional e internacional /cpor Sergio R. Márquez Berber ...[et al.]. aMéxico :bCEDRSSA :bCámara de Diputados. LXII Legislatura,c2014. a212 p. :bil.1 aSituación, retos y tendencias para el desarrollo rural sustentable14aTrigoxAspectos económicosxSonora.14aTrigoxCostos de producción.14aTrigoxSonora.1 aMárquez Berber, Sergio Roberto 0aSituación, retos y tendencias para el desarrollo rural sustentable